The cambridge history of Africa

Сохранить в:
Библиографические подробности
Главный автор: Fage, J. D (Автор)
Формат:
Язык:английский
Опубликовано: Cambridge Cambridge University 1978
Предметы:
Метки: Добавить метку
Нет меток, Требуется 1-ая метка записи!

MARC

LEADER 00000nam a2200000 a 4500
001 UCO2316
003 CL-VaPUC
008 000602e19780000uk |||||||||||||||||eng|d
082 0 4 |a 960  |b FAG  |2 21 
100 0 |a Fage, J. D  |e author  |9 445376 
245 1 4 |a The cambridge history of Africa 
300 |a v 
942 |c BK 
945 |d 20000602 00:00:00  |a rherrera 
260 |a Cambridge  |b Cambridge University  |c 1978 
500 |a v.2: 500 B.C.-A.D. 1050 
650 7 |a HISTORIA DE AFRICA  |2 CL-VaPUC  |9 437682 
650 7 |a FENICIOS  |2 CL-VaPUC  |9 445377 
650 0 |a Prehistoria  |9 316557 
651 0 |a África  |9 256790 
583 |a last modification  |c 20130806 08:11:45  |k Rodrigo Vera 
999 |c 288851  |d 288849 
952 |0 0  |1 0  |4 0  |6 960_000000000000000_FAG_1978  |7 0  |8 A  |9 336799  |a BIBHIS  |b BIBHIS  |d 2019-11-20  |h v.2  |i 1285009  |o 960 FAG 1978  |p 1285009  |r 2025-01-20  |w 2019-11-20  |y BK  |k HIS